Normal view
MARC view
- Mano, Morris M
Entry Personal Name
001 - CONTROL NUMBER
- control field: 3202
003 - CONTROL NUMBER IDENTIFIER
- control field: OSt
005 - DATE AND TIME OF LATEST TRANSACTION
- control field: 20180723151034.0
008 - FIXED-LENGTH DATA ELEMENTS
- fixed length control field: 180723|| aca||aabn | a|a d
040 ## - CATALOGING SOURCE
- Original cataloging agency: OSt
- Transcribing agency: OSt
100 ## - HEADING--PERSONAL NAME
- Personal name: Mano, Morris M
670 ## - SOURCE DATA FOUND
- Source citation: Work cat.: (OSt): Mano, Morris M Ciletti, Micheal D, Digital design, c2008
